Polity Reader In Social Theory (Record no. 27703)

MARC details
000 -LEADER
fixed length control field 00359nam a2200157Ia 4500
008 - FIXED-LENGTH DATA ELEMENTS--GENERAL INFORMATION
fixed length control field 220531s9999 xx 000 0 und d
041 ## - LANGUAGE CODE
Language code of text/sound track or separate title eng
245 ## - TITLE STATEMENT
Title Polity Reader In Social Theory
250 ## - EDITION STATEMENT
Edition statement 2ndST
260 ## - PUBLICATION, DISTRIBUTION, ETC. (IMPRINT)
Name of publisher, distributor, etc. Polity
Date of publication, distribution, etc. 2004
300 ## - PHYSICAL DESCRIPTION
Extent 402
542 ## - INFORMATION RELATING TO COPYRIGHT STATUS
Copyright holder 10-09-2004
650 ## - SUBJECT ADDED ENTRY--TOPICAL TERM
Topical term or geographic name as entry element Sociology
9 (RLIN) 47172
906 ## - LOCAL DATA ELEMENT F, LDF (RLIN)
d 2004-2005
Holdings
Withdrawn status Lost status Source of classification or shelving scheme Damaged status Not for loan Home library Current library Date acquired Vendor Cost, normal purchase price Total Checkouts Total Holds Full call number Barcode Date last seen Bill Date Koha item type Original Barcode
    Dewey Decimal Classification     Shri Siddhivinayak Mahila Mahavidyalaya Shri Siddhivinayak Mahila Mahavidyalaya 10/09/2004 Star 895.00   1 /-/B/8690 SSMM-BK-8690 06/08/2022 06/08/2022 Books 010008690